[Event "European Youth Chess Championship G14"]
[Site "Prague, Top Hotel Prague"]
[Date "2016.08.19"]
[Round "2.24"]
[White "Malicka, Maria"]
[Black "Norlamo, Sarabella"]
[Result "1-0"]
[WhiteElo "2009"]
[BlackElo "1534"]
[PlyCount "115"]
[EventDate "2016.08.18"]

1. e4 e5 2. Nf3 Nc6 3. Bc4 Nf6 4. d3 Be7 5. O-O O-O 6. Re1 d6 7. c3 Na5 8. Bb5
a6 9. Ba4 b5 10. Bc2 c5 11. Nbd2 Nc6 12. Nf1 Re8 13. Ng3 Bf8 14. b3 h6 15. d4
exd4 16. cxd4 Bb7 17. Bf4 Nb4 18. Bb1 Nc6 19. d5 Ne7 20. Bc2 Ng6 21. Bd2 Qb6
22. Bc3 Nd7 23. a3 Nde5 24. Nxe5 Nxe5 25. f4 Ng6 26. Qd2 Qd8 27. Nf5 Bc8 28. e5
Bxf5 29. Bxf5 Nh4 30. Be4 g6 31. e6 Rb8 32. g3 Nf5 33. Bxf5 gxf5 34. Qd3 fxe6
35. Rxe6 Rxe6 36. dxe6 Bg7 37. Qxf5 Qe7 38. Qg6 d5 39. Be5 Rb6 40. f5 Qg5 41.
Qf7+ Kh8 42. Qxg7+ Qxg7 43. Bxg7+ Kxg7 44. Re1 Rb8 45. Kf2 Kf6 46. g4 Ke7 47.
Ke3 Rd8 48. Kf4 Kf6 49. h4 Rg8 50. Rc1 c4 51. Rd1 Rd8 52. g5+ hxg5+ 53. hxg5+
Ke7 54. Ke5 d4 55. Rxd4 Rxd4 56. Kxd4 Kd6 57. g6 Ke7 58. g7 1-0

[Event "European Youth Chess Championship G14"]
[Site "Prague, Top Hotel Prague"]
[Date "2016.08.19"]
[Round "2.25"]
[White "Pribylova, Sofie"]
[Black "Simkunaite, Gabija"]
[Result "0-1"]
[WhiteElo "1864"]
[BlackElo "1629"]
[PlyCount "80"]
[EventDate "2016.08.18"]

1. d4 Nf6 2. Bf4 d5 3. e3 c5 4. c3 Nc6 5. Bd3 c4 6. Bc2 e6 7. Nf3 Be7 8. Nbd2
O-O 9. O-O b5 10. a3 Nh5 11. Bg3 Nxg3 12. hxg3 Bb7 13. Ne5 Nxe5 14. dxe5 g6 15.
f4 Qb6 16. Qe2 Bc5 17. Rfe1 a5 18. Kh2 b4 19. axb4 axb4 20. Rab1 Ra2 21. cxb4
Qxb4 22. Nf3 Ba6 23. Ng5 c3 24. Qg4 h5 25. Qh3 Kg7 26. bxc3 Qxc3 27. Bxg6 Kxg6
28. Nxe6 fxe6 29. Qxe6+ Kg7 30. f5 Rc8 31. Qf6+ Kg8 32. Qg6+ Kf8 33. Qf6+ Ke8
34. Qe6+ Be7 35. f6 Qc7 36. Rec1 Qd7 37. Rxc8+ Bxc8 38. f7+ Kf8 39. Qg6 Qh3+
40. Kg1 Qxg2# 0-1

[Event "European Youth Chess Championship G14"]
[Site "Prague, Top Hotel Prague"]
[Date "2016.08.19"]
[Round "2.26"]
[White "Pecorini, Angie"]
[Black "Waszczuk, Patrycja"]
[Result "1/2-1/2"]
[WhiteElo "1625"]
[BlackElo "1859"]
[PlyCount "90"]
[EventDate "2016.08.18"]

1. d4 f5 2. Bg5 g6 3. c4 Bg7 4. e4 fxe4 5. Nc3 Nf6 6. Qc2 O-O 7. Nxe4 c6 8. Nf3
d5 9. Ng3 Be6 10. Be2 Nbd7 11. O-O Rc8 12. c5 Qc7 13. b4 Bf7 14. b5 e5 15. bxc6
bxc6 16. Qd2 Ne4 17. Nxe4 dxe4 18. Nxe5 Nxe5 19. Bf4 Qe7 20. dxe5 Qxc5 21. Rac1
Qe7 22. Qd6 Qxd6 23. exd6 Bxa2 24. Ba6 Rcd8 25. Bg5 Bf6 26. Bh6 Rfe8 27. Rxc6
Be5 28. Rd1 Re6 29. Rd2 Bb3 30. Bg5 Rexd6 31. Rdxd6 Rxd6 32. Rxd6 Bxd6 33. Be3
Bb8 34. h3 Kf7 35. Kf1 Ke6 36. Ke1 Kd7 37. Kd2 Kc6 38. Kc3 Ba4 39. Kb4 Bc2 40.
Kc3 Bd1 41. Kb4 Bd6+ 42. Ka5 Bc7+ 43. Kb4 Bd6+ 44. Ka5 Bc7+ 45. Kb4 Bd6+
1/2-1/2

[Event "European Youth Chess Championship G14"]
[Site "Prague, Top Hotel Prague"]
[Date "2016.08.19"]
[Round "2.27"]
[White "Munte, Noa"]
[Black "Hereklioglu, Sude"]
[Result "1/2-1/2"]
[WhiteElo "1529"]
[BlackElo "1801"]
[PlyCount "137"]
[EventDate "2016.08.18"]

1. d4 c5 2. d5 e5 3. c4 d6 4. e4 Nf6 5. Nc3 g6 6. g3 Bg7 7. Bg2 O-O 8. Nge2 Nh5
9. O-O f5 10. f4 exf4 11. Nxf4 Nf6 12. exf5 Bxf5 13. Re1 Ng4 14. Nce2 Ne5 15.
Ne6 Bxe6 16. dxe6 Nbc6 17. Bd5 Kh8 18. Rf1 Qe7 19. h4 Rxf1+ 20. Qxf1 Rf8 21.
Qg2 Nd3 22. Bg5 Bf6 23. Bxf6+ Rxf6 24. Rf1 Rxf1+ 25. Qxf1 Nd8 26. Nf4 Nxf4 27.
Qxf4 Kg7 28. Qe3 Nc6 29. Kg2 Ne5 30. a3 Ng4 31. Qc3+ Ne5 32. a4 h5 33. Qd2 Ng4
34. a5 b6 35. axb6 axb6 36. Qg5 Qxg5 37. hxg5 Kf8 38. Kf3 Ke7 39. Kf4 Nf2 40.
Ke3 Nd1+ 41. Kd2 Nxb2 42. Kc2 Na4 43. Kb3 b5 44. cxb5 Nb6 45. Be4 Kxe6 46. Bxg6
d5 47. Bxh5 Kf5 48. g6 Kf6 49. g4 d4 50. g5+ Kg7 51. Kc2 c4 52. Kd2 Nd5 53. Kc2
Nb4+ 54. Kc1 c3 55. b6 d3 56. Bd1 Kxg6 57. b7 Na6 58. Ba4 Kxg5 59. Bb5 d2+ 60.
Kd1 Nb8 61. Kc2 Kf4 62. Be2 Ke3 63. Bh5 Kd4 64. Bd1 Kc4 65. Be2+ Kb4 66. Bh5
Nc6 67. Bd1 Kc4 68. Be2+ Kd4 69. Bd1 1/2-1/2

[Event "European Youth Chess Championship G14"]
[Site "Prague, Top Hotel Prague"]
[Date "2016.08.19"]
[Round "2.28"]
[White "Davidson, Laura"]
[Black "Berdnyk, Mariia"]
[Result "0-1"]
[WhiteElo "1453"]
[BlackElo "2204"]
[PlyCount "74"]
[EventDate "2016.08.18"]

1. e4 c5 2. Nc3 Nc6 3. Bb5 Nd4 4. Bc4 d6 5. Nf3 Nf6 6. h3 g6 7. O-O Bg7 8. d3
Nc6 9. Nh2 O-O 10. f4 e6 11. Bb3 a6 12. a4 Rb8 13. Nf3 b5 14. Qe1 b4 15. Nd1
Na5 16. Qh4 c4 17. Bxc4 Nxc4 18. dxc4 Nxe4 19. Qe1 Bb7 20. Be3 a5 21. Rb1 Qc7
22. b3 d5 23. Nb2 Ba6 24. Nd4 dxc4 25. Nb5 Bxb5 26. axb5 cxb3 27. cxb3 Rxb5 28.
Nc4 Bc3 29. Qd1 Ng3 30. Rf3 Nf5 31. Qf1 Rbb8 32. Qf2 a4 33. Bc5 Rfc8 34. Bb6
Rxb6 35. Qxb6 Bd4+ 36. Qxd4 Nxd4 37. Rd3 Nxb3 0-1

[Event "European Youth Chess Championship G14"]
[Site "Prague, Top Hotel Prague"]
[Date "2016.08.19"]
[Round "2.29"]
[White "Andrade, Sandoval Bianca"]
[Black "Waardenburg, Marlinde"]
[Result "1-0"]
[WhiteElo "1899"]
[BlackElo "1580"]
[PlyCount "73"]
[EventDate "2016.08.18"]

1. d4 Nf6 2. Bf4 g6 3. Nf3 Bg7 4. e3 d5 5. Bd3 c5 6. c3 Nc6 7. Nbd2 O-O 8. O-O
b6 9. h3 Bb7 10. a4 Nd7 11. Be2 e5 12. dxe5 Ndxe5 13. Bh2 Qe7 14. Re1 Rad8 15.
Qc2 d4 16. exd4 cxd4 17. Bxe5 Bxe5 18. Bb5 dxc3 19. bxc3 f6 20. Nc4 Rd5 21.
Ncxe5 Nxe5 22. Bc4 Nxf3+ 23. gxf3 Qd7 24. Bxd5+ Qxd5 25. Qa2 Qxa2 26. Rxa2 Bxf3
27. Rd2 Rc8 28. Rd7 a6 29. Ree7 Bc6 30. Rg7+ Kf8 31. Rdf7+ Ke8 32. Rxf6 Bxa4
33. Rxb6 Bb5 34. Rxh7 Rd8 35. Rxg6 Rd1+ 36. Kh2 Bc4 37. Rc6 1-0

[Event "European Youth Chess Championship G14"]
[Site "Prague, Top Hotel Prague"]
[Date "2016.08.19"]
[Round "2.30"]
[White "Petkova, Denitsa"]
[Black "Laurincova, Kristyna"]
[Result "1/2-1/2"]
[WhiteElo "1602"]
[BlackElo "1815"]
[PlyCount "70"]
[EventDate "2016.08.18"]

1. e4 c5 2. Nf3 d6 3. d4 cxd4 4. Nxd4 Nf6 5. Nc3 g6 6. Be3 Bg7 7. f3 O-O 8. Qd2
Nc6 9. g4 Ne5 10. g5 Nh5 11. Be2 Bh3 12. Rg1 Qc8 13. Nd5 Re8 14. Bb5 Bd7 15.
Qe2 Nc6 16. O-O-O e6 17. Nc3 a6 18. Bxc6 bxc6 19. Qd2 d5 20. Nde2 Qb7 21. Na4
c5 22. Nac3 Rab8 23. b3 d4 24. Nxd4 cxd4 25. Bxd4 Bxd4 26. Qxd4 Qc7 27. Kb2
Rbc8 28. Rd2 Red8 29. Qe3 Nf4 30. Rgd1 e5 31. Nd5 Nxd5 32. exd5 Qd6 33. h4 Bf5
34. c4 Re8 35. Rc1 e4 $11 1/2-1/2

[Event "European Youth Chess Championship G14"]
[Site "Prague, Top Hotel Prague"]
[Date "2016.08.19"]
[Round "2.31"]
[White "Granovskaya, Ekaterina"]
[Black "Greibrokk, Maria"]
[Result "1/2-1/2"]
[WhiteElo "1805"]
[BlackElo "1567"]
[PlyCount "86"]
[EventDate "2016.08.18"]

1. e4 c5 2. Nf3 d6 3. d4 cxd4 4. Nxd4 Nf6 5. f3 e5 6. Nb3 Be6 7. c4 a5 8. Be3
Nc6 9. Nc3 Be7 10. Be2 O-O 11. O-O Nd7 12. Nd5 a4 13. Nd2 Bxd5 14. cxd5 Nd4 15.
Bxd4 exd4 16. Nc4 Ne5 17. Rc1 Bf6 18. Qd2 Nxc4 19. Rxc4 d3 20. Bxd3 Qb6+ 21.
Kh1 Qxb2 22. Rc2 Qb6 23. a3 Rfc8 24. Bc4 Qc5 25. Qc1 Qa5 26. Qe3 b5 27. Bd3
Rxc2 28. Bxc2 Rc8 29. Bd3 Qc3 30. e5 Bxe5 31. Qe4 g6 32. Bxb5 Qxa3 33. Qxa4
Qxa4 34. Bxa4 Ra8 35. Bc6 Ra1 36. Rxa1 Bxa1 37. g3 Kg7 38. f4 h6 39. g4 g5 40.
fxg5 hxg5 41. Kg2 Be5 42. h3 f6 43. Kf3 Kf7 1/2-1/2

[Event "European Youth Chess Championship G14"]
[Site "Prague, Top Hotel Prague"]
[Date "2016.08.19"]
[Round "2.32"]
[White "Nass, Maria"]
[Black "Nemcova, Karin"]
[Result "0-1"]
[WhiteElo "1588"]
[BlackElo "1798"]
[PlyCount "50"]
[EventDate "2016.08.18"]

1. e4 d5 2. exd5 Qxd5 3. Nc3 Qd6 4. d4 Nf6 5. Be3 a6 6. Nf3 Bg4 7. Be2 e6 8. h3
Bh5 9. Qd2 Nc6 10. O-O-O O-O-O 11. Ne5 Bg6 12. h4 Be7 13. Nxg6 hxg6 14. g3 Nb4
15. Bf3 Nfd5 16. Nxd5 Nxd5 17. Bxd5 Qxd5 18. Kb1 Rd6 19. Rhe1 Rb6 20. c3 Ba3
21. b4 a5 22. Qd3 Rd8 23. c4 Rxb4+ 24. Ka1 Bb2+ 25. Kb1 Bxd4+ 0-1

[Event "European Youth Chess Championship G14"]
[Site "Prague, Top Hotel Prague"]
[Date "2016.08.19"]
[Round "2.33"]
[White "Kulpa, Zuzanna"]
[Black "Golsta, Ramona"]
[Result "1-0"]
[WhiteElo "1719"]
[BlackElo "1561"]
[PlyCount "57"]
[EventDate "2016.08.18"]

1. d4 e6 2. c4 f5 3. g3 Nf6 4. Bg2 d5 5. Nf3 c6 6. O-O Bd6 7. Qc2 O-O 8. Nc3
Nbd7 9. cxd5 Nxd5 10. e4 Nxc3 11. bxc3 Qe7 12. Re1 Qf7 13. Ng5 Qg6 14. Qb3 Nb6
15. a4 f4 16. a5 Qxg5 17. axb6 a6 18. e5 Be7 19. Bxf4 Qf5 20. Be4 Qf7 21. Qc2
g6 22. Bh6 Rd8 23. Re3 c5 24. Rf3 Qe8 25. h4 cxd4 26. h5 g5 27. Bxh7+ Kh8 28.
Bg6 Qc6 29. Rf7 1-0

[Event "European Youth Chess Championship G14"]
[Site "Prague, Top Hotel Prague"]
[Date "2016.08.19"]
[Round "2.34"]
[White "Rubsamen, Anais"]
[Black "Hrysogelou, Athanasia-Panagiot"]
[Result "1/2-1/2"]
[WhiteElo "1578"]
[BlackElo "1695"]
[PlyCount "125"]
[EventDate "2016.08.18"]

1. Nf3 c5 2. g3 Nc6 3. Bg2 d5 4. O-O e5 5. d3 Nf6 6. b3 Be6 7. Re1 Be7 8. Bb2
d4 9. Nbd2 O-O 10. e4 Rb8 11. Nc4 Qc7 12. c3 b5 13. Ncd2 Rfd8 14. Qc2 Rbc8 15.
a3 Qd6 16. cxd4 cxd4 17. Qd1 Nd7 18. Bf1 Bg4 19. h3 Be6 20. a4 b4 21. Nc4 Qc7
22. Rc1 f6 23. Nfd2 Nc5 24. Ba1 Qd7 25. Kh2 Qe8 26. Nf3 Qf7 27. Nfd2 Nb7 28.
Bb2 Nba5 29. Ba1 Nxc4 30. Nxc4 Rf8 31. Bg2 Nb8 32. Rf1 Na6 33. Rb1 Qe8 34. Re1
Qd7 35. Rf1 Bd6 36. Re1 Nc5 37. Bf1 Bb8 38. Qd2 Qb7 39. Na5 Qb6 40. Nc4 Qb7 41.
Na5 Qb6 42. Nc4 Bxc4 43. dxc4 a5 44. Bg2 Ne6 45. h4 Rcd8 46. Bh3 Nc5 47. Bf1
Ba7 48. Bd3 Nb7 49. Qe2 Rde8 50. Qg4 Nc5 51. Red1 Re7 52. f4 exf4 53. Qxf4 Bb8
54. Qf3 Be5 55. Qf2 Ne6 56. Rbc1 Rd8 57. Qf3 g6 58. Kg2 Qc7 59. Rh1 Ng7 60. g4
Ne6 61. Rcd1 Rg7 62. Rc1 Nc5 63. Rb1 1/2-1/2

[Event "European Youth Chess Championship G14"]
[Site "Prague, Top Hotel Prague"]
[Date "2016.08.19"]
[Round "2.35"]
[White "Sidamonidze, Anastasia"]
[Black "Dziho, Sadzida"]
[Result "1-0"]
[WhiteElo "1690"]
[BlackElo "1539"]
[PlyCount "57"]
[EventDate "2016.08.18"]

1. e4 c5 2. Nf3 Nc6 3. Bb5 e6 4. c3 a6 5. Ba4 b5 6. Bc2 Nf6 7. O-O Be7 8. a3
O-O 9. d4 cxd4 10. cxd4 d5 11. e5 Nd7 12. Qd3 g6 13. Qe3 Re8 14. g3 f6 15. Qe2
fxe5 16. Nxe5 Qc7 17. Bf4 Bf8 18. h4 Bg7 19. h5 gxh5 20. Bg5 h6 21. Qxh5 Bb7
22. Qf7+ Kh8 23. Qg6 Nf8 24. Nf7+ Kg8 25. Nxh6+ Kh8 26. Qh5 Nxd4 27. Nf5+ Kg8
28. Nxd4 Qc4 29. Rd1 1-0

[Event "European Youth Chess Championship G14"]
[Site "Prague, Top Hotel Prague"]
[Date "2016.08.19"]
[Round "2.36"]
[White "Szczerbacewicz, Nastia"]
[Black "Jarocka, Liwia"]
[Result "1-0"]
[WhiteElo "1565"]
[BlackElo "1676"]
[PlyCount "93"]
[EventDate "2016.08.18"]

1. d4 Nf6 2. Nf3 g6 3. e3 Bg7 4. Bd3 d6 5. O-O O-O 6. Qe2 Nbd7 7. e4 e5 8. dxe5
dxe5 9. Rd1 Qe7 10. b3 Rd8 11. Ba3 Qe8 12. Nbd2 Nh5 13. g3 Nf8 14. Nc4 f6 15.
Ne3 c6 16. Nc4 Be6 17. Nd6 Qd7 18. Bc4 b6 19. Nh4 c5 20. b4 Qc7 21. bxc5 bxc5
22. Bxe6+ Nxe6 23. Nb5 Qb6 24. Qc4 Kh8 25. Rd5 Bf8 26. Rad1 Nd4 27. Nxd4 cxd4
28. Bxf8 Rxf8 29. Rc5 Qd8 30. c3 Qd7 31. cxd4 Rac8 32. Rd3 Ng7 33. dxe5 Rxc5
34. Qxc5 Qf7 35. Rd7 Qe8 36. Qxa7 Nh5 37. Rxh7+ Kg8 38. Rh6 Rf7 39. Rxg6+ Kh7
40. Qe3 Qf8 41. exf6 Rxf6 42. Rxf6 Qxf6 43. e5 Qc6 44. e6 Nf6 45. Qd3+ Kg7 46.
Qg6+ Kf8 47. Qf7# 1-0

[Event "European Youth Chess Championship G14"]
[Site "Prague, Top Hotel Prague"]
[Date "2016.08.19"]
[Round "2.37"]
[White "Mkrtchyan, Anahit"]
[Black "Oliveira, Maria Alice Ramos Ma"]
[Result "1-0"]
[WhiteElo "1561"]
[BlackElo "1667"]
[PlyCount "47"]
[EventDate "2016.08.18"]

1. e4 e5 2. Nf3 Nc6 3. Nc3 Nf6 4. d4 exd4 5. Nxd4 Bb4 6. Nxc6 bxc6 7. Bd3 h6 8.
O-O O-O 9. e5 Ne8 10. Qh5 d6 11. Qf3 d5 12. Qg3 Kh8 13. Ne2 c5 14. c3 Ba5 15.
Nf4 Rb8 16. Re1 g5 17. Nh5 f5 18. e6 f4 19. Qf3 Qd6 20. Qh3 Qe7 21. Nxf4 gxf4
22. Qxh6+ Kg8 23. Re5 Rf6 24. Rg5+ 1-0

[Event "European Youth Chess Championship G14"]
[Site "Prague, Top Hotel Prague"]
[Date "2016.08.19"]
[Round "2.38"]
[White "Catal, Uktenur"]
[Black "Leonova, Ameliya"]
[Result "1/2-1/2"]
[WhiteElo "1666"]
[BlackElo "1513"]
[PlyCount "68"]
[EventDate "2016.08.18"]

1. d4 f5 2. Nf3 g6 3. Bf4 d6 4. e3 Bg7 5. c3 Nf6 6. h3 e6 7. Nbd2 Nc6 8. Be2
Qe7 9. Bh2 Bd7 10. a4 a5 11. Qb3 O-O 12. Bd3 Kh8 13. Nc4 b6 14. O-O Ne4 15. Qc2
Ng5 16. Nxg5 Qxg5 17. Rad1 Rad8 18. Na3 Bc8 19. Nb5 Bb7 20. f4 Qe7 21. e4 Rg8
22. Rfe1 Qf7 23. exf5 gxf5 24. d5 Ne7 25. dxe6 Qh5 26. Re2 Qxh3 27. g3 Bd4+ 28.
Nxd4 Rxg3+ 29. Bxg3 Qxg3+ 30. Kf1 Rg8 31. Rf2 Qh3+ 32. Ke2 Rg2 33. Rdf1 Qg4+
34. Kd2 Qxf4+ {Not possible to reconstruct next 49 moves} 1/2-1/2

[Event "European Youth Chess Championship G14"]
[Site "Prague, Top Hotel Prague"]
[Date "2016.08.19"]
[Round "2.39"]
[White "Markova, Kristyna"]
[Black "Vidruk, Mariia"]
[Result "1/2-1/2"]
[WhiteElo "1536"]
[BlackElo "1665"]
[PlyCount "84"]
[EventDate "2016.08.18"]

1. e4 Nf6 2. e5 Nd5 3. d4 d6 4. c4 Nb6 5. exd6 exd6 6. Nc3 Nc6 7. Be3 Bf5 8.
Rc1 Be7 9. Nf3 O-O 10. b3 Bf6 11. Be2 Re8 12. O-O Qd7 13. d5 Ne5 14. Nd4 Ng6
15. Nxf5 Qxf5 16. Bg4 Qe5 17. Nb5 Qe7 18. Re1 Qd8 19. Bd4 Rxe1+ 20. Qxe1 Bxd4
21. Nxd4 Ne5 22. Bf5 Qf6 23. Qc3 a6 24. Be4 Nbd7 25. Qh3 h6 26. Qf5 Qxf5 27.
Bxf5 Nc5 28. Re1 Kf8 29. Re3 g6 30. f4 Ned7 31. Bxd7 Nxd7 32. Kf2 Nf6 33. Kf3
h5 34. h3 Rd8 35. g4 hxg4+ 36. hxg4 Rd7 37. g5 Nh5 38. Kg4 Ng7 39. f5 gxf5+ 40.
Nxf5 Ne8 41. Nd4 Ng7 42. Nf5 Ne8 1/2-1/2

[Event "European Youth Chess Championship G14"]
[Site "Prague, Top Hotel Prague"]
[Date "2016.08.19"]
[Round "2.40"]
[White "Grimaldi, Angela Flavia"]
[Black "Lorencova, Michaela"]
[Result "1-0"]
[WhiteElo "1662"]
[BlackElo "1491"]
[PlyCount "67"]
[EventDate "2016.08.18"]

1. e4 e5 2. Nf3 Nf6 3. Nxe5 d6 4. Nf3 Nxe4 5. Nc3 Nxc3 6. dxc3 Nc6 7. h3 Be7 8.
Be3 O-O 9. Bd3 Be6 10. Qd2 Bf6 11. Ng5 g6 12. Nxe6 fxe6 13. O-O-O Qe7 14. Bh6
Bg7 15. Bxg7 Qxg7 16. h4 a5 17. h5 Ne5 18. hxg6 Nxd3+ 19. cxd3 Qxg6 20. Rh3 Kh8
21. Rdh1 Rf7 22. Rg3 Qf6 23. Rf3 Qg6 24. Rh6 Qg7 25. Rxe6 Rxf3 26. gxf3 Qg1+
27. Kc2 b5 28. Qe3 a4 29. Qd4+ Kg8 30. Re4 Qf1 31. Rg4+ Kf7 32. Qd5+ Kf6 33.
Rf4+ Ke7 34. Rf7+ 1-0

[Event "European Youth Chess Championship G14"]
[Site "Prague, Top Hotel Prague"]
[Date "2016.08.19"]
[Round "2.41"]
[White "Lagazauri, Tamar"]
[Black "Pipia, Ekaterine"]
[Result "0-1"]
[WhiteElo "1505"]
[BlackElo "1661"]
[PlyCount "68"]
[EventDate "2016.08.18"]

1. d4 d5 2. c3 Nf6 3. Bf4 Bf5 4. Nd2 e6 5. e3 Be7 6. Ngf3 h6 7. Be2 O-O 8. O-O
c5 9. h3 Nc6 10. Ne5 Rc8 11. Qb3 cxd4 12. exd4 Nxe5 13. Bxe5 Bd6 14. Bxd6 Qxd6
15. Rfe1 Nd7 16. Nf3 Be4 17. Rad1 a5 18. Qb5 Ra8 19. Nd2 Bg6 20. Nf3 Rfc8 21.
Bd3 Bxd3 22. Rxd3 Rc6 23. Qa4 b5 24. Qb3 a4 25. Qc2 b4 26. Qd2 Rcc8 27. Rc1 Nf6
28. Ne5 Ne4 29. Qe2 Rc7 30. f3 Nf6 31. Rdd1 a3 32. bxa3 bxc3 33. Nd3 Qxa3 34.
Nc5 Qxa2 {Not possible to recontstruct the game} 0-1

[Event "European Youth Chess Championship G14"]
[Site "Prague, Top Hotel Prague"]
[Date "2016.08.19"]
[Round "2.42"]
[White "Merkesvik, Amalie Isabel"]
[Black "Kvamme, Ingrid Jodre"]
[Result "1-0"]
[WhiteElo "1639"]
[BlackElo "1486"]
[PlyCount "53"]
[EventDate "2016.08.18"]

1. e4 c5 2. Nf3 g6 3. d4 cxd4 4. Nxd4 Bg7 5. Be3 Nc6 6. c4 Nf6 7. Nc3 O-O 8.
Be2 d6 9. O-O Bd7 10. Rb1 Nxd4 11. Bxd4 Bc6 12. f3 a5 13. Qd2 Nd7 14. Bxg7 Kxg7
15. f4 Nc5 16. Bf3 Re8 17. Kh1 Qd7 18. b3 b5 19. cxb5 Bxb5 20. Be2 Bc6 21. Bf3
Qb7 22. Rbc1 Nxe4 23. Nxe4 Bxe4 24. Qd4+ f6 25. Qxe4 Qd7 26. Qb7 Qe6 27. Rce1
1-0

[Event "European Youth Chess Championship G14"]
[Site "Prague, Top Hotel Prague"]
[Date "2016.08.19"]
[Round "2.43"]
[White "Mura, Marta"]
[Black "Moerwald, Magdalena"]
[Result "1/2-1/2"]
[WhiteElo "1483"]
[BlackElo "1624"]
[PlyCount "70"]
[EventDate "2016.08.18"]

1. d4 Nf6 2. Nf3 g6 3. Bg5 Bg7 4. Nbd2 d5 5. e3 O-O 6. Bd3 Nc6 7. O-O Re8 8. c3
e5 9. dxe5 Nxe5 10. Nxe5 Rxe5 11. Bxf6 Bxf6 12. e4 Bg7 13. Re1 c6 14. Nf3 Bg4
15. h3 Bxf3 16. Qxf3 Re8 17. exd5 Qxd5 18. Qxd5 cxd5 19. Bb5 Re5 20. Rxe5 Bxe5
21. Re1 Bf6 22. Kf1 d4 23. cxd4 Bxd4 24. Re7 Rc8 25. Rxb7 Rc2 26. Rd7 Rxf2+ 27.
Ke1 Bb6 28. Bc4 Rf4 29. Bb3 Re4+ 30. Kd2 Rd4+ 31. Rxd4 Bxd4 32. Kc2 Kf8 33. Bc4
f6 34. b3 Ke7 35. Kd3 Be5 1/2-1/2

[Event "European Youth Chess Championship G14"]
[Site "Prague, Top Hotel Prague"]
[Date "2016.08.19"]
[Round "2.44"]
[White "Minko, Olga"]
[Black "Rosenbaumova, Lea"]
[Result "0-1"]
[WhiteElo "1622"]
[BlackElo "1432"]
[PlyCount "106"]
[EventDate "2016.08.18"]

1. e4 e6 2. d4 d5 3. Nc3 Nf6 4. e5 Nfd7 5. Nce2 c5 6. c3 Qb6 7. Nf3 Nc6 8. a3
Be7 9. Nf4 a6 10. h4 h6 11. g3 cxd4 12. cxd4 Qd8 13. Bd3 b5 14. Qc2 Bb7 15. Bg6
Nf8 16. Bh5 g6 17. Bg4 h5 18. Bh3 Rc8 19. Qb3 Na5 20. Qd3 Qc7 21. Kd1 Qc4 22.
Nd2 Qxd3 23. Nxd3 Nd7 24. b3 Rc3 25. Ke2 Nxb3 26. Nxb3 Rxb3 27. Kd2 b4 28. axb4
Bxb4+ 29. Nxb4 Rxb4 30. Kc3 Rc4+ 31. Kd3 O-O 32. Bf1 Rfc8 33. Bd2 R4c6 34. Be2
f6 35. Rhb1 Ba8 36. exf6 Nxf6 37. Ke3 Ng4+ 38. Bxg4 hxg4 39. Kf4 Rf8+ 40. Kxg4
Rxf2 41. Be1 Rf8 42. Kg5 Kg7 43. Bd2 Rf7 44. Bf4 Bb7 45. Rh1 Rc4 46. Be5+ Kh7
47. h5 Rf5+ 48. Kg4 Rxe5 49. h6 Rxd4+ 50. Kf3 Rb4 51. Rac1 d4+ 52. Kf4 Rf5+ 53.
Kg4 Bxh1 0-1

[Event "European Youth Chess Championship G14"]
[Site "Prague, Top Hotel Prague"]
[Date "2016.08.19"]
[Round "2.45"]
[White "Sorensen, Signe Sofie Boss"]
[Black "Nilsson, Kajsa 2002"]
[Result "1/2-1/2"]
[WhiteElo "1369"]
[BlackElo "1620"]
[PlyCount "107"]
[EventDate "2016.08.18"]

1. e4 e5 2. Nf3 Nc6 3. d4 exd4 4. Nxd4 Nf6 5. Nxc6 bxc6 6. Nc3 Bb4 7. Bg5 Qe7
8. Bd3 Qe5 9. Bxf6 Qxf6 10. Qd2 O-O 11. O-O Bb7 12. Rfe1 Rfe8 13. Re3 d5 14.
Rf3 Qd6 15. Qf4 Bxc3 16. bxc3 Qxf4 17. Rxf4 c5 18. exd5 Bxd5 19. c4 Be6 20. Re4
Bd7 21. Rd1 Rab8 22. f3 Re6 23. f4 g6 24. Kf2 Rb2 25. Ra1 Rxe4 26. Bxe4 Ba4 27.
Rd1 Rxa2 28. Rd2 Bb3 29. Bd3 Rb2 30. Re2 Ba4 31. g4 Kf8 32. h4 Rb1 33. f5 Rb2
34. f6 Rb6 35. g5 Re6 36. Rd2 Bc6 37. c3 a6 38. Kg3 Re1 39. Kf2 Rh1 40. Kg3
Rg1+ 41. Kf4 Rg2 42. Rd1 Ra2 43. Be4 Be8 44. Rd8 a5 45. Bc6 Re2 46. Kg4 Re6 47.
Bd7 Re1 48. h5 Re2 49. h6 Re1 50. Kf3 Re5 51. Kf4 Re1 52. Kf3 Re5 53. Kf4 Re1
54. Kf3 $11 1/2-1/2

[Event "European Youth Chess Championship G14"]
[Site "Prague, Top Hotel Prague"]
[Date "2016.08.19"]
[Round "2.46"]
[White "Katkov, Michelle"]
[Black "Levin, Emily"]
[Result "1-0"]
[WhiteElo "1619"]
[BlackElo "1390"]
[PlyCount "87"]
[EventDate "2016.08.18"]

1. e4 c5 2. c3 Nf6 3. e5 Nd5 4. d4 cxd4 5. cxd4 d6 6. Nf3 Nc6 7. Bc4 Nb6 8. Bb3
dxe5 9. dxe5 Qxd1+ 10. Bxd1 Bg4 11. O-O g6 12. Nc3 Bg7 13. Bf4 O-O 14. h3 Bf5
15. Bb3 Rfd8 16. g4 Bd3 17. Rfe1 Nd4 18. Nxd4 Rxd4 19. Be3 Rdd8 20. Bxb6 axb6
21. e6 Kf8 22. exf7 Ra5 23. Rad1 Bxc3 24. bxc3 Rc5 25. c4 Rc7 26. Rd2 Rcd7 27.
Red1 e5 28. f3 Rd4 29. Kf2 b5 30. cxb5 Bxb5 31. Rxd4 exd4 32. f4 Ke7 33. Re1+
Kd6 34. Re6+ Kc7 35. Rf6 Rf8 36. Ke1 Bc6 37. f5 gxf5 38. Rxf5 Be4 39. Rf6 Bc6
40. g5 Be4 41. h4 Kd7 42. h5 Bb1 43. g6 hxg6 44. hxg6 1-0

[Event "European Youth Chess Championship G14"]
[Site "Prague, Top Hotel Prague"]
[Date "2016.08.19"]
[Round "2.47"]
[White "Janotkova, Katerina"]
[Black "Moerwald, Miriam"]
[Result "1-0"]
[WhiteElo "1229"]
[BlackElo "1618"]
[PlyCount "137"]
[EventDate "2016.08.18"]

1. e4 c6 2. d4 d5 3. Nd2 dxe4 4. Nxe4 Nd7 5. Nf3 Ngf6 6. Bd3 Nxe4 7. Bxe4 Nf6
8. Bd3 Bg4 9. c3 e6 10. Bg5 Be7 11. Qe2 Qd5 12. Bd2 O-O 13. h3 Bxf3 14. gxf3
Kh8 15. Be4 Qd7 16. O-O-O b5 17. Rdg1 b4 18. Qc4 Nd5 19. cxb4 Rab8 20. a3 Nb6
21. Qd3 h6 22. Rg2 Bf6 23. Bf4 Rbd8 24. Qc2 Bxd4 25. Bxc6 Qe7 26. Qd2 Qf6 27.
Be4 Bxb2+ 28. Qxb2 Qxf4+ 29. Kb1 Qf6 30. Qxf6 gxf6 31. Rhg1 Rg8 32. Rxg8+ Rxg8
33. Rxg8+ Kxg8 34. Kc2 Kg7 35. Kd3 e5 36. b5 h5 37. h4 Kf8 38. Kc3 Ke7 39. Kb4
Kd6 40. Bh7 Kd5 41. Bg8 Ke6 42. Kc5 Nc8 43. Kc6 Nd6 44. Bh7 f5 45. a4 Nc8 46.
Kb7 Nb6 47. a5 Nc4 48. a6 Nd6+ 49. Kxa7 Nxb5+ 50. Kb7 Nd6+ 51. Kc6 Nc8 52. Kc7
Na7 53. Kb6 Nc8+ 54. Kb7 Nd6+ 55. Kc7 Nb5+ 56. Kd8 Na7 57. Ke8 e4 58. fxe4 fxe4
59. Bxe4 Kf6 60. Bd5 Kf5 61. f3 Kf4 62. Kxf7 Kg3 63. Kg6 Kxh4 64. f4 Kg4 65. f5
Nc8 66. f6 Nb6 67. Bc6 h4 68. f7 Nd7 69. Bxd7+ 1-0

[Event "European Youth Chess Championship G14"]
[Site "Prague, Top Hotel Prague"]
[Date "2016.08.19"]
[Round "2.48"]
[White "Smith, Rachel Lorna"]
[Black "Liiv, Kristiina"]
[Result "1/2-1/2"]
[WhiteElo "1616"]
[BlackElo "1341"]
[PlyCount "125"]
[EventDate "2016.08.18"]

1. Nf3 c5 2. c4 Nf6 3. Nc3 g6 4. e4 Bg7 5. d4 cxd4 6. Nxd4 d6 7. Be2 O-O 8. Be3
Nc6 9. Qd2 Qc7 10. b3 Ng4 11. Bxg4 Bxg4 12. f3 Bd7 13. Nd5 Qd8 14. Rd1 Nxd4 15.
Bxd4 Bxd4 16. Qxd4 Bc6 17. O-O Bxd5 18. exd5 a5 19. f4 Ra6 20. Rde1 Re8 21. f5
Qb6 22. Qxb6 Rxb6 23. f6 e5 24. dxe6 Rxe6 25. Rxe6 fxe6 26. Rf3 h5 27. Kf2 Kf7
28. Ke3 Rc6 29. Rf2 Rc5 30. a3 Re5+ 31. Kd4 Rf5 32. Re2 Kxf6 33. b4 axb4 34.
axb4 b5 35. g3 bxc4 36. Kxc4 Ke7 37. b5 Kd7 38. Re3 Rc5+ 39. Kb4 Rc2 40. h3 e5
41. Re4 Rh2 42. Ka5 Rxh3 43. b6 Rxg3 44. Rc4 Rb3 45. Rc7+ Ke6 46. Rg7 Kf5 47.
Rd7 e4 48. Rxd6 g5 49. Rd5+ Kf4 50. Rb5 Ra3+ 51. Kb4 Ra8 52. b7 Rb8 53. Kc4 e3
54. Kc3 g4 55. Kc2 Rh8 56. Rxh5 Rg8 57. Rh7 e2 58. Rf7+ Kg3 59. Re7 Kf2 60.
Rf7+ Ke1 61. Kc3 g3 62. Rg7 Re8 63. Re7 1/2-1/2